[Event "Marianske Lazne IM-B"]
[Site "Marianske Lazne"]
[Date "2011.01.15"]
[Round "1"]
[White "Oparin, Grigoriy"]
[Black "Porat, Maya"]
[Result "1/2-1/2"]
[WhiteElo "2328"]
[BlackElo "2246"]
[PlyCount "83"]
[EventDate "2011.01.15"]
[EventType "tourn"]
[EventRounds "9"]
[EventCountry "CZE"]
[EventCategory "2"]
[SourceTitle "CBM 140 Extra"]
[Source "ChessBase"]
[SourceDate "2011.03.01"]
[SourceVersion "1"]
[SourceVersionDate "2011.03.01"]
[SourceQuality "1"]

1. e4 e6 2. d4 d5 3. Nc3 Bb4 4. e5 Ne7 5. a3 Bxc3+ 6. bxc3 b6 7. Nf3 Qd7 8. a4 Ba6 9. Bxa6 Nxa6 10. Qd3 Nb8 11. 0-0 Nbc6 12. c4 Na5 13. cxd5 exd5 14. Bg5 Qf5 15. Qb5+ c6 16. Qb4 Qe6 17. Nh4 h6 18. Bxe7 Qxe7 19. Qxe7+ Kxe7 20. Nf5+ Kf8 21. Rae1 Nc4 22. e6 Re8 23. e7+ Kg8 24. Re2 g6 25. Ng3 Nd6 26. f4 Nc8 27. Rfe1 f5 28. Re6 Kf7 29. Rxc6 Rxe7 30. Re5 Rd7 31. Nf1 Ne7 32. Rc3 Rhd8 33. Ne3 Rd6 34. Rc7 R6d7 35. Rxd7 Rxd7 36. c3 a5 37. Kf2 Rc7 38. Ke2 Rc6 39. Kd3 Rd6 40. g3 Rd8 41. h3 h5 42. h4 1/2-1/2

[Event "ISR-ch"]
[Site "Haifa"]
[Date "2010.11.16"]
[Round "7"]
[White "Porat, Maya"]
[Black "Kudischewitsch, David"]
[Result "1/2-1/2"]
[WhiteElo "2257"]
[BlackElo "2366"]
[PlyCount "58"]
[EventDate "2010.11.08"]
[EventType "swiss"]
[EventRounds "9"]
[EventCountry "ISR"]
[SourceTitle "EXT 2011"]
[Source "ChessBase"]
[SourceDate "2010.11.26"]
[SourceVersion "1"]
[SourceVersionDate "2010.11.26"]
[SourceQuality "1"]

1. d4 d5 2. c4 dxc4 3. Nf3 Nf6 4. e3 e6 5. Bxc4 a6 6. Bb3 c5 7. 0-0 Nc6 8. Qe2 cxd4 9. Rd1 Be7 10. exd4 0-0 11. Nc3 Nb4 12. Bg5 Re8 13. Rac1 Nfd5 14. Bxe7 Rxe7 15. a3 Nxc3 16. bxc3 Nd5 17. c4 Nf6 18. Ne5 Bd7 19. Qf3 Be8 20. c5 Qc7 21. Nc4 Bc6 22. Qg3 Rd8 23. Qxc7 Rxc7 24. Nb6 Kf8 25. f3 Nd5 26. Bxd5 Bxd5 27. Kf2 Bc6 28. Ke3 Ke7 29. Rd2 Bd5 1/2-1/2

[Event "ISR-ch"]
[Site "Haifa"]
[Date "2010.11.11"]
[Round "4.13"]
[White "Galburd, Yan"]
[Black "Porat, Maya"]
[Result "1/2-1/2"]
[WhiteElo "2322"]
[BlackElo "2257"]
[PlyCount "88"]
[EventDate "2010.11.08"]
[EventType "swiss"]
[EventRounds "9"]
[EventCountry "ISR"]
[SourceTitle "EXT 2011"]
[Source "ChessBase"]
[SourceDate "2010.11.26"]
[SourceVersion "1"]
[SourceVersionDate "2010.11.26"]
[SourceQuality "1"]

1. Nf3 Nf6 2. c4 e6 3. Nc3 Bb4 4. g3 0-0 5. Bg2 c5 6. 0-0 Nc6 7. Na4 d6 8. a3 Ba5 9. d4 cxd4 10. b4 Bb6 11. Nxb6 Qxb6 12. e3 dxe3 13. Bxe3 Qc7 14. Nd4 Nxd4 15. Bxd4 e5 16. Bb2 Be6 17. Rc1 Bxc4 18. Bxb7 Qxb7 19. Rxc4 Rfd8 20. Qc2 Qf3 21. Re1 h5 22. Re3 Qd5 23. Rc6 a5 24. Rd3 Qe4 25. f3 Qe1+ 26. Kg2 e4 27. fxe4 Ng4 28. Bd4 Qxe4+ 29. Kg1 axb4 30. axb4 Ra2 31. Qxa2 Qxd3 32. Bf2 Re8 33. Qc2 Nxf2 34. Kxf2 Qd4+ 35. Kg2 Qg4 36. Qd3 h4 37. Rxd6 h3+ 38. Kf1 Qxb4 39. Kf2 Qc5+ 40. Kf3 Qc7 41. Kg4 Qc8+ 42. Kh4 Qc5 43. Rd5 Qe7+ 44. Kxh3 Qe6+ 1/2-1/2